| 000 | 00424nam a2200145Ia 4500 | ||
|---|---|---|---|
| 008 | 230917s9999||||xx |||||||||||||| ||und|| | ||
| 040 |
_e124898 _aMAIN |
||
| 041 | _aEnglish | ||
| 082 | _a361 J894R | ||
| 100 | _aJudge, Ken | ||
| 245 | 0 | _aRationing social service; a study of resource allocation and personal social service | |
| 260 |
_aLondon _bHeinemann Educational Books Ltd. _c1978 |
||
| 300 | _a212p. p. | ||
| 942 | _cBK | ||
| 999 |
_c211811 _d211811 |
||